000 00287nam a2200121Ia 4500
008 190216s9999||||xx |||||||||||||| ||und||
100 _aJanardhanapillai
245 0 _aNew Basic Mathematics
260 _bAjith Book Center
_c1970
300 _a150p
650 _aMathematics
942 _cBK
999 _c30928
_d30928